[Event "SG Solingen 3 - Brackweder SK 1"]
[Site "NRW-Klasse, Gruppe 1 2010/201"]
[Date "2010.11.28"]
[Round "3.8"]
[White "Peschel, Andreas"]
[Black "Wolf, Norbert"]
[Result "1-0"]
[WhiteElo "2114"]
[BlackElo "2028"]
[PlyCount "45"]
[EventDate "2010.??.??"]

1. d4 Nf6 2. c4 g6 3. Nc3 Bg7 4. e4 d6 5. f4 O-O 6. Nf3 Na6 7. Bd3 Bg4 8. h3
Bxf3 9. Qxf3 e5 10. fxe5 dxe5 11. d5 c6 12. Be3 cxd5 13. cxd5 Ne8 14. Rc1 Nd6
15. O-O f5 16. Qe2 Nc7 17. Bc5 fxe4 18. Nxe4 Rxf1+ 19. Rxf1 Nce8 20. Qg4 Nxe4
21. Qe6+ Kh8 22. Bxe4 Nf6 23. Be7 1-0

[Event "NRW-Klasse(1) 10/11 3. Rd."]
[Site "?"]
[Date "2010.11.28"]
[Round "3.1"]
[White "IM Gerusel, Mathias"]
[Black "IM Wegener, Olaf"]
[Result "1/2-1/2"]
[WhiteElo "2170"]
[BlackElo "2424"]
[PlyCount "96"]
[EventDate "2010.??.??"]
[WhiteTeam "Godesberger SK II"]
[BlackTeam "SC Hansa Dortmund II"]

1. d4 Nf6 2. c4 e6 3. Nc3 Bb4 4. Qc2 O-O 5. Nf3 b6 6. e4 Ne8 7. Bd3 Bb7 8. Bd2
d6 9. a3 Bxc3 10. Bxc3 Nd7 11. O-O Qe7 12. Nd2 e5 13. Rfe1 c5 14. d5 g5 15. Nf1
Ng7 16. Ne3 Rfc8 17. g3 f6 18. Ng2 Nf8 19. f4 Ng6 20. fxg5 fxg5 21. Ne3 Rf8 22.
Nf5 Nxf5 23. exf5 Nh8 24. Bd2 Qf6 25. Qd1 Bc8 26. Rf1 Nf7 27. Be4 Kh8 28. Qh5
Rg8 29. g4 Bd7 30. Rf3 Kg7 31. Rg3 h6 32. Rf1 Kf8 33. Rf2 Ke7 34. Qh3 Rh8 35.
Qf1 h5 36. h3 hxg4 37. hxg4 Rh4 38. Rh2 Rah8 39. Rxh4 Rxh4 40. Bg2 Nh6 41. Bf3
Nf7 42. Rh3 Qh8 43. Rxh4 Qxh4 44. Be1 Qh8 45. Kg2 a5 {(=)} 46. b3 Qb8 47. Be2
Qh8 48. Qf3 Kf6 1/2-1/2

[Event "NRW-Klasse(1) 10/11 3. Rd."]
[Site "?"]
[Date "2010.11.28"]
[Round "3.2"]
[White "Karger, Frank"]
[Black "FM Rohde, Ulrich"]
[Result "1/2-1/2"]
[WhiteElo "2214"]
[BlackElo "2164"]
[PlyCount "26"]
[EventDate "2010.??.??"]
[WhiteTeam "SC Hansa Dortmund II"]
[BlackTeam "Godesberger SK II"]

1. d4 Nf6 2. Nf3 e6 3. Bg5 b6 4. e3 Bb7 5. Bd3 c5 6. Nbd2 cxd4 7. exd4 Be7 8.
O-O O-O 9. c3 d6 10. Qe2 a6 11. a4 Nbd7 12. Rfe1 Re8 13. Nf1 Nf8 {(=)} 1/2-1/2

[Event "NRW-Klasse(1) 10/11 3. Rd."]
[Site "?"]
[Date "2010.11.28"]
[Round "3.3"]
[White "Stenzel, Thomas"]
[Black "IM Eismont, Oleg"]
[Result "1/2-1/2"]
[WhiteElo "2109"]
[BlackElo "2246"]
[PlyCount "59"]
[EventDate "2010.??.??"]
[WhiteTeam "Godesberger SK II"]
[BlackTeam "SC Hansa Dortmund II"]

1. e4 d5 2. exd5 Qxd5 3. Nc3 Qd6 4. d4 Nf6 5. Nge2 e6 6. h3 a6 7. Qd3 c5 8. Bf4
Qd8 9. O-O-O Nc6 10. g4 cxd4 11. Bg2 dxc3 12. Bxc6+ Bd7 13. Bxd7+ Qxd7 14.
Qxd7+ Nxd7 15. Nxc3 O-O-O 16. Ne4 e5 17. Be3 Be7 18. Nd6+ Bxd6 19. Rxd6 Nb8 20.
Rhd1 {(=)} Rxd6 21. Rxd6 h5 22. Kd2 Kc7 23. Rd5 Nd7 24. Ke2 hxg4 25. hxg4 Rh4
26. g5 Kc6 27. Rd3 f5 28. gxf6 gxf6 29. Rc3+ Kd6 30. Rd3+ 1/2-1/2

[Event "NRW-Klasse(1) 10/11 3. Rd."]
[Site "?"]
[Date "2010.11.28"]
[Round "3.4"]
[White "IM Heinzel, Olaf"]
[Black "Horstmann, Olaf"]
[Result "1-0"]
[WhiteElo "2289"]
[BlackElo "2140"]
[PlyCount "73"]
[EventDate "2010.??.??"]
[WhiteTeam "SC Hansa Dortmund II"]
[BlackTeam "Godesberger SK II"]

1. c4 f5 2. Nc3 Nf6 3. d4 g6 4. g3 Bg7 5. Bg2 O-O 6. Nh3 Nc6 7. O-O d6 8. d5
Ne5 9. b3 c5 10. Qc2 Rb8 11. Bd2 a6 12. a4 b6 13. Nf4 Bd7 14. Rae1 Qe8 15. Ne6
Bxe6 16. dxe6 Nc6 17. Nd5 Nd4 18. Qd3 b5 19. cxb5 axb5 20. e3 Nxd5 21. exd4 Nb4
22. Bxb4 cxb4 23. a5 Qd8 24. Ra1 Qc7 25. a6 Qa7 26. Rfd1 d5 27. Qd2 f4 28. Qxb4
Rbc8 29. Ra2 f3 30. Bf1 Rc7 31. Qxb5 Bxd4 32. Qxd5 Bb6 33. Rd3 Rc5 34. Qe4 Rc1
35. Rxf3 Rxf3 36. Qxf3 Qc7 37. Qf7+ 1-0

[Event "NRW-Klasse(1) 10/11 3. Rd."]
[Site "?"]
[Date "2010.11.28"]
[Round "3.5"]
[White "Müller-Boge, Michael"]
[Black "FM Ackermann, Hans Werner"]
[Result "0-1"]
[WhiteElo "2040"]
[BlackElo "2236"]
[PlyCount "116"]
[EventDate "2010.??.??"]
[WhiteTeam "Godesberger SK II"]
[BlackTeam "SC Hansa Dortmund II"]

1. e4 c5 2. Nf3 a6 3. c3 e6 4. d4 d5 5. e5 Bd7 6. Be3 cxd4 7. Nxd4 Nc6 8. f4
Nxd4 9. Bxd4 Nh6 10. Bd3 Bb5 11. Bxb5+ axb5 12. O-O Nf5 13. Bf2 h5 14. Qd3 Qd7
15. Nd2 Ra4 16. g3 Be7 17. b3 Ra3 18. Rfd1 Qc6 19. Rdc1 O-O 20. Qe2 g6 21. h3
Bc5 22. g4 Ng3 23. Qf3 h4 24. Kh2 Rfa8 25. Rc2 Bxf2 26. Qxf2 Qc7 27. Qe1 Qa5
28. Nf3 Rxb3 29. Nxh4 Ne4 30. axb3 Qxa1 31. Qxa1 Rxa1 32. Nf3 Rd1 33. Nd4 Nxc3
34. Nxe6 b4 35. Nc5 d4 36. f5 d3 37. Rf2 d2 38. fxg6 fxg6 39. Ne6 Ne4 40. Rf8+
Kh7 41. Rf7+ Kh6 42. Rd7 Rf1 43. g5+ Nxg5 44. Nxg5 d1=Q 45. Nf7+ Kh5 46. Rxd1
Rxd1 47. Kg2 Rd7 48. e6 Re7 49. Nd8 Kg5 50. Kf3 Kf6 51. Ke4 Rc7 52. Kd5 Ke7 53.
Nf7 b6 54. Ne5 Rc5+ 55. Kd4 g5 56. h4 Rxe5 57. Kxe5 gxh4 58. Kf4 Kxe6 0-1

[Event "NRW-Klasse(1) 10/11 3. Rd."]
[Site "?"]
[Date "2010.11.28"]
[Round "3.6"]
[White "FM Kotter, Ralf"]
[Black "Roski, Ferdinand"]
[Result "0-1"]
[WhiteElo "2220"]
[BlackElo "2166"]
[PlyCount "201"]
[EventDate "2010.??.??"]
[WhiteTeam "SC Hansa Dortmund II"]
[BlackTeam "Godesberger SK II"]

1. e4 c5 2. Nf3 d6 3. d4 cxd4 4. Nxd4 Nf6 5. Nc3 a6 6. Be3 e6 7. f3 Be7 8. Qd2
O-O 9. O-O-O b5 10. g4 Bb7 11. g5 Nfd7 12. h4 b4 13. Nce2 d5 14. h5 Ne5 15. Ng3
Nbc6 16. Nxc6 Bxc6 17. f4 Nc4 18. Qd4 e5 19. Qxc4 dxc4 20. Rxd8 Rfxd8 21. Bxc4
exf4 22. Bxf4 Rd4 23. Bd3 Bd6 24. Bxd6 Rxd6 25. Nf5 Rd7 26. h6 g6 27. Ne3 Rd4
28. Rh4 a5 29. Rf4 a4 30. b3 axb3 31. axb3 Ra5 32. Bc4 Rd7 33. Nd5 Bxd5 34.
Bxd5 Ra1+ 35. Kd2 Rg1 36. Rf6 Rxg5 37. Rb6 Kf8 38. Rxb4 Rh5 39. Rb8+ Ke7 40. c4
Rxh6 41. Ke3 g5 42. b4 Rh3+ 43. Kd4 g4 44. b5 Rb3 45. Rh8 Kf6 46. Rxh7 Rh3 47.
e5+ Kg6 48. Rxh3 gxh3 49. b6 h2 50. b7 Rd8 51. Kc5 Kf5 52. Kc6 Kxe5 53. Kc7
Rxd5 54. cxd5 h1=Q 55. b8=Q Qxd5 56. Qh8+ Ke6 57. Qg8 Ke7 58. Qh7 Qc4+ 59. Kb6
Kd7 60. Qg7 Qb4+ 61. Ka6 Qb3 62. Ka5 Kd6 63. Qf8+ Ke5 64. Qe7+ Kf5 65. Qc5+ Ke4
66. Qe7+ Qe6 67. Qh4+ Kf5 68. Qh5+ Kf6 69. Qh4+ Kg7 70. Qg5+ Qg6 71. Qe5+ f6
72. Qc7+ Kh6 73. Kb4 Qb1+ 74. Ka3 Qd3+ 75. Kb2 f5 76. Kc1 Kg5 77. Qg7+ Kh4 78.
Qh6+ Kg3 79. Qg5+ Kf3 80. Qh5+ Ke3 81. Qh3+ Ke4 82. Qg2+ Qf3 83. Qc2+ Kf4 84.
Qc7+ Ke3 85. Qc5+ Ke2 86. Qc2+ Kf1 87. Qc4+ Kg1 88. Qd4+ Qf2 89. Qg7+ Kf1 90.
Qd7 Qe3+ 91. Kd1 f4 92. Qb5+ Kf2 93. Qb2+ Kg1 94. Qg7+ Kf1 95. Qh6 Qd4+ 96. Kc2
f3 97. Qh3+ Ke2 98. Qe6+ Qe3 99. Qc4+ Ke1 100. Qb4+ Kf1 101. Qc4+ 0-1

[Event "NRW-Klasse(1) 10/11 3. Rd."]
[Site "?"]
[Date "2010.11.28"]
[Round "3.7"]
[White "Kohn, Dr. Sandro"]
[Black "Rumpf, Thomas"]
[Result "1/2-1/2"]
[WhiteElo "2120"]
[BlackElo "2101"]
[PlyCount "68"]
[EventDate "2010.??.??"]
[WhiteTeam "Godesberger SK II"]
[BlackTeam "SC Hansa Dortmund II"]

1. d4 c5 2. d5 Nf6 3. Nc3 d6 4. e4 g6 5. Nf3 Bg7 6. Be2 O-O 7. O-O Na6 8. Re1
Nc7 9. a4 Rb8 10. Bf4 b6 11. Qd2 a6 12. e5 Nfe8 13. Ne4 dxe5 14. Bxe5 Bxe5 15.
Nxe5 Qxd5 16. Qxd5 Nxd5 17. Nc6 Rb7 18. Bxa6 Rc7 19. Bxc8 Rxc8 20. c4 Rxc6 21.
cxd5 Rc7 22. a5 bxa5 23. Rxa5 c4 24. Rc1 Nd6 25. Nxd6 exd6 26. g3 Rb8 27. Rc2
Kf8 28. Ra6 Ke7 29. Ra4 Rbc8 30. Kg2 Rc5 31. Kf3 Rxd5 32. Raxc4 Rb8 33. R4c3
Rdb5 34. Re3+ Kf6 {(=)} 1/2-1/2

[Event "NRW-Klasse(1) 10/11 3. Rd."]
[Site "?"]
[Date "2010.11.28"]
[Round "3.8"]
[White "FM Babar, Michael"]
[Black "Hemmann, Arnold"]
[Result "1/2-1/2"]
[WhiteElo "2163"]
[BlackElo "2066"]
[PlyCount "148"]
[EventDate "2010.??.??"]
[WhiteTeam "SC Hansa Dortmund II"]
[BlackTeam "Godesberger SK II"]

1. e4 c5 2. Nc3 Nc6 3. g3 g6 4. Bg2 Bg7 5. d3 e6 6. Be3 Nd4 7. Qd2 Qa5 8. Nf3
Ne7 9. O-O Nxf3+ 10. Bxf3 Nc6 11. Bh6 Nd4 12. Bd1 O-O 13. Bxg7 Kxg7 14. e5 f5
15. Qe3 Qc7 16. Nb1 b6 17. c3 f4 18. gxf4 Nf5 19. Qh3 Bb7 20. Nd2 Ne7 21. Bf3
Bxf3 22. Qxf3 Nd5 23. c4 Nxf4 24. Rae1 Nh5 25. Qe4 Qd8 26. Re3 Rf4 27. Qg2 Rf5
28. Kh1 Nf4 29. Qe4 Nh5 30. Rf3 Rxf3 31. Nxf3 Rb8 32. Rg1 Qf8 33. Qg4 Nf4 34.
Rd1 Nh5 35. d4 cxd4 36. Rxd4 Rd8 37. Kg2 Kh8 38. Ng5 Qe7 39. Ne4 Rf8 40. Ng3
Ng7 41. Qe4 Nf5 42. Nxf5 gxf5 43. Qh4 Qg7+ 44. Qg3 Qe7 45. Qh4 Qg7+ 46. Kf3 a6
47. Rd6 b5 48. Qd4 bxc4 49. Rxd7 Qg5 50. Qf4 Qh5+ 51. Ke3 Rb8 52. Qd4 Qg5+ 53.
Ke2 Qh5+ 54. Ke1 Qg5 55. Kd1 f4 56. f3 Rg8 57. Qxc4 Qg1+ 58. Kc2 Qe3 59. Qd3
Qc5+ 60. Qc3 Rg2+ 61. Rd2 Rxd2+ 62. Kxd2 Qf2+ 63. Kc1 Kg7 64. a4 Qxh2 65. Qc7+
Kh6 66. Qc6 Kg5 67. Qxe6 Qh1+ 68. Kc2 Qxf3 69. Qf6+ Kg4 70. Qg7+ Kf5 71. Qf6+
Kg4 72. Qg7+ Kf5 73. Qf6+ Kg4 74. Qg7+ Kf5 1/2-1/2

[Event "Godesberger SK 2 - SV Würselen 1"]
[Site "NRW-Klasse, Gruppe 1 2010/201"]
[Date "2010.12.19"]
[Round "4.1"]
[White "Budde, Vladimir"]
[Black "Gerusel, Mathias"]
[Result "1/2-1/2"]
[WhiteElo "2267"]
[BlackElo "2170"]
[PlyCount "34"]
[EventDate "2010.??.??"]

1. e4 c5 2. Nf3 e6 3. d4 cxd4 4. Nxd4 Nc6 5. Nc3 Qc7 6. Be2 a6 7. O-O b5 8.
Nxc6 dxc6 9. f4 b4 10. Na4 c5 11. b3 Bb7 12. Bf3 Nf6 13. Qe1 Be7 14. e5 Nd5 15.
c4 Nb6 16. Bxb7 Qxb7 17. Nxb6 Qxb6 1/2-1/2

[Event "Godesberger SK 2 - SV Würselen 1"]
[Site "NRW-Klasse, Gruppe 1 2010/201"]
[Date "2010.12.19"]
[Round "4.2"]
[White "Rohde, Ulrich"]
[Black "Cekro, Ekrem"]
[Result "1/2-1/2"]
[WhiteElo "2164"]
[BlackElo "2371"]
[PlyCount "205"]
[EventDate "2010.??.??"]

1. Nf3 c5 2. c4 g6 3. d4 cxd4 4. Nxd4 Bg7 5. e4 Nc6 6. Be3 d6 7. Nc3 Nf6 8. Be2
O-O 9. O-O Qa5 10. Nb3 Qd8 11. Nd4 Bd7 12. Qd2 Ng4 13. Bxg4 Bxg4 14. Nd5 Bd7
15. Rac1 Ne5 16. Bg5 f6 17. Bh6 Bxh6 18. Qxh6 e6 19. Ne3 Nf7 20. Qh4 Kg7 21.
Rfd1 Qe7 22. f3 Rfc8 23. Qf2 Rc7 24. Qd2 Rac8 25. b3 Rc5 26. b4 R5c7 27. Nb3
Ba4 28. b5 a6 29. Qb4 Bxb3 30. axb3 axb5 31. Qxb5 Rc5 32. Qa4 b5 33. Qa3 Qc7
34. Rb1 Qb6 35. Kf2 b4 36. Qb2 Ra8 37. Ra1 Rca5 38. Rxa5 Rxa5 39. Ra1 Ne5 40.
Ke2 Nc6 41. Rxa5 Qxa5 42. Ng4 e5 43. Qd2 Nd4+ 44. Kf2 g5 45. Ne3 Qc5 46. Qd3
Qa7 47. Qd2 Kg6 48. Kg3 Qa3 49. Nf5 Qxb3 50. Ne7+ Kf7 51. Nd5 Qxc4 52. Qxb4
Qxb4 53. Nxb4 f5 54. Kf2 f4 55. Nd5 h5 56. h3 Ke6 57. Nc7+ Kd7 58. Nd5 Kc6 59.
Nf6 h4 60. Nh7 Ne6 61. Nf6 Kc5 62. Ke2 Kd4 63. Kd2 Kc4 64. Nd5 Nc5 65. Nf6 Nb3+
66. Ke2 Nc5 67. Nd5 Nd7 68. Nc7 Nf8 69. Nd5 Kc5 70. Nf6 Kc6 71. Nd5 Ne6 72. Nf6
Kc7 73. Nd5+ Kd8 74. Nf6 Nc7 75. Ng4 Ke7 76. Nf2 Ke6 77. Ng4 d5 78. exd5+ Nxd5
79. Kd3 Nf6 80. Nh6 Kd5 81. Nf7 e4+ 82. fxe4+ Nxe4 83. Nh6 Nc5+ 84. Ke2 Ke4 85.
Ng4 Ne6 86. Nf2+ Kf5 87. Ng4 Nd4+ 88. Kf2 Nc6 89. Nh6+ Ke6 90. Kf3 Ne5+ 91. Ke4
Nd7 92. Kd4 Nf6 93. Kd3 Ne8 94. Ke4 Nd6+ 95. Kf3 Nf7 96. Ng8 Ne5+ 97. Ke4 Nd7
98. Nh6 Nf8 99. Nf5 Kf6 100. Nxh4 gxh4 101. Kxf4 Ng6+ 102. Kg4 Ke5 103. Kg5
1/2-1/2

[Event "Godesberger SK 2 - SV Würselen 1"]
[Site "NRW-Klasse, Gruppe 1 2010/201"]
[Date "2010.12.19"]
[Round "4.3"]
[White "Akhayan, Ruben"]
[Black "Stenzel, Thomas"]
[Result "1/2-1/2"]
[WhiteElo "2281"]
[BlackElo "2109"]
[PlyCount "74"]
[EventDate "2010.??.??"]

1. e4 e6 2. d4 d5 3. Nc3 Nc6 4. Nf3 Nf6 5. e5 Ne4 6. Ne2 f6 7. Ng3 fxe5 8. Bb5
Bd7 9. Bxc6 Bxc6 10. Nxe5 Qf6 11. Nxe4 dxe4 12. Qe2 Bd6 13. Nxc6 bxc6 14. Qxe4
O-O 15. O-O Rab8 16. c4 c5 17. d5 exd5 18. Qxd5+ Kh8 19. Rb1 Rbe8 20. Bd2 Re5
21. Bc3 Rxd5 22. Bxf6 Rh5 23. g4 Rh3 24. Bc3 Rxh2 25. Rbe1 h5 26. Be5 Rh4 27.
Bxd6 cxd6 28. Re4 Rxg4+ 29. Rxg4 hxg4 30. Rd1 Rf6 31. Rd3 Kh7 32. Ra3 Rf7 33.
Kg2 Kg6 34. Rd3 Rf6 35. Ra3 Rf7 36. Rd3 Rf6 37. Ra3 Rf7 1/2-1/2

[Event "Godesberger SK 2 - SV Würselen 1"]
[Site "NRW-Klasse, Gruppe 1 2010/201"]
[Date "2010.12.19"]
[Round "4.4"]
[White "Horstmann, Olaf"]
[Black "Goossens, Etienne"]
[Result "0-1"]
[WhiteElo "2140"]
[BlackElo "2214"]
[PlyCount "92"]
[EventDate "2010.??.??"]

1. e4 c5 2. Nc3 Nc6 3. g3 g6 4. Bg2 Bg7 5. d3 Nf6 6. f4 d6 7. Nf3 Bg4 8. h3
Bxf3 9. Qxf3 Nd4 10. Qf2 O-O 11. O-O Rb8 12. Be3 b5 13. Rac1 b4 14. Ne2 Nxe2+
15. Qxe2 Nh5 16. Qf2 Bxb2 17. Rcd1 Qa5 18. g4 Ng7 19. f5 Qxa2 20. Qh4 Bf6 21.
g5 Be5 22. Rd2 a5 23. c4 Qb3 24. f6 exf6 25. gxf6 Nh5 26. Bh6 Qc3 27. Bf3 Bxf6
28. Qg4 a4 29. Qg2 Bg7 30. Bg5 Nf6 31. d4 Qxc4 32. e5 Nd7 33. Bd5 Qc3 34. e6
fxe6 35. Bxe6+ Kh8 36. Bxd7 Rxf1+ 37. Qxf1 Rf8 38. Qe1 Bxd4+ 39. Kh1 Qf3+ 40.
Kh2 Be5+ 41. Kg1 a3 42. Bh6 b3 43. Bg4 Qf1+ 44. Qxf1 Rxf1+ 45. Kxf1 a2 46. Rd1
b2 0-1

[Event "Godesberger SK 2 - SV Würselen 1"]
[Site "NRW-Klasse, Gruppe 1 2010/201"]
[Date "2010.12.19"]
[Round "4.5"]
[White "Bogoevski, Jani"]
[Black "Mueller-Boge, Michael"]
[Result "1-0"]
[WhiteElo "2158"]
[BlackElo "2040"]
[PlyCount "49"]
[EventDate "2010.??.??"]

1. d4 Nf6 2. Nf3 g6 3. c4 Bg7 4. Nc3 d5 5. e3 O-O 6. Bd2 c5 7. dxc5 Na6 8. cxd5
Nxd5 9. Na4 Bf5 10. a3 e5 11. c6 Qc8 12. cxb7 Qxb7 13. Bc4 e4 14. Nd4 Bxd4 15.
exd4 e3 16. fxe3 Nxe3 17. Bxe3 Qxg2 18. Rg1 Qh3 19. Qd2 Rac8 20. Rg3 Qh4 21.
Qf2 Qf6 22. Bd3 Kh8 23. Bxf5 gxf5 24. Nc3 Rfe8 25. O-O-O 1-0

[Event "Godesberger SK 2 - SV Würselen 1"]
[Site "NRW-Klasse, Gruppe 1 2010/201"]
[Date "2010.12.19"]
[Round "4.6"]
[White "Roski, Ferdinand"]
[Black "Andok, Claus Michael"]
[Result "1-0"]
[WhiteElo "2166"]
[BlackElo "2082"]
[Annotator ",Daniel"]
[PlyCount "137"]
[EventDate "2010.??.??"]

1. Nf3 g6 2. g3 Bg7 3. Bg2 Nf6 4. O-O O-O 5. Re1 d6 6. e4 e5 7. d4 Nbd7 8. Nc3
c6 9. dxe5 dxe5 10. b3 Re8 11. Bb2 Qc7 12. Qd2 Nc5 13. Rad1 Bg4 14. h3 Bxf3 15.
Bxf3 Ne6 16. Ne2 Rad8 17. Qe3 Qa5 18. a3 Rxd1 19. Rxd1 Qc5 20. Qc1 a5 21. h4 h6
22. c4 Bf8 23. Qc3 Bg7 24. b4 axb4 25. axb4 Qe7 26. c5 Nc7 27. Rd3 Nb5 $11 28.
Qd2 Qe6 29. Bg2 Kh7 30. f3 Qc4 31. Bf1 h5 32. Nc1 Bh6 33. Qe1 Qc2 34. Qe2 Qa4
35. Qf2 Qxb4 36. Rb3 Qa5 37. Bxb5 cxb5 38. Nd3 Qa4 39. Qc2 Qc4 40. Rc3 Qd4+ 41.
Kg2 Rd8 42. Qb3 Kg8 43. Nf2 Qa4 44. Rd3 Qxb3 45. Rxb3 Rd2 46. Bxe5 Nd7 47. Bd6
b4 48. f4 Rc2 49. Rxb4 Nxc5 50. Bxc5 Rxc5 51. Rxb7 Bg7 52. e5 Rc4 53. Kf1 Rc8
54. Ne4 Ra8 55. Ke2 Rd8 56. Ng5 Rf8 57. Kd3 Bh6 58. Ne4 Rd8+ 59. Kc4 Bg7 60.
Ng5 Rf8 61. Rd7 Bh6 62. Ne4 Bg7 63. Kd5 Ra8 64. Ng5 f6 65. Ne6 Bh8 66. Rd8+
Rxd8+ 67. Nxd8 Kf8 68. Kd6 Ke8 69. Ne6 1-0

[Event "Godesberger SK 2 - SV Würselen 1"]
[Site "NRW-Klasse, Gruppe 1 2010/201"]
[Date "2010.12.19"]
[Round "4.7"]
[White "Heinichen, Nils"]
[Black "Kohn, Sandro"]
[Result "0-1"]
[WhiteElo "2034"]
[BlackElo "2120"]
[Annotator ",Daniel"]
[PlyCount "102"]
[EventDate "2010.??.??"]

1. d4 d5 2. c4 e6 3. Nc3 Be7 4. Nf3 Nf6 5. e3 O-O 6. Bd3 dxc4 7. Bxc4 c5 8. O-O
Nc6 9. h3 a6 10. a4 cxd4 11. exd4 Nb4 12. Qe2 b6 13. Bg5 Bb7 14. Rad1 Nfd5 15.
Bxe7 Qxe7 16. Nxd5 Nxd5 17. Qe5 Qb4 18. Bd3 Qxa4 19. Qe4 g6 20. Qh4 f6 21. Qg4
Qd7 22. Rfe1 Rae8 23. Nh4 f5 24. Qg5 Qe7 25. Qg3 Qc7 26. Re5 $11 Nf6 27. Rde1
Qf7 28. Bc4 Ne4 29. Qe3 b5 30. Bb3 Bd5 31. f3 Nf6 32. Bxd5 Nxd5 33. Qd2 Qf6 34.
Qf2 Nf4 35. R1e3 Kf7 36. Qg3 Nd5 37. Ra3 g5 38. Nxf5 exf5 39. Rxd5 f4 40. Qg4
Re1+ 41. Kh2 Kg6 42. h4 h6 43. h5+ Kg7 44. Rd7+ Rf7 45. Rc3 Rxd7 46. Qxd7+ Re7
47. Qd5 g4 48. g3 Re2+ 49. Kg1 Re1+ 50. Kf2 Qe7 51. Rc7 fxg3+ 0-1

[Event "Godesberger SK 2 - SV Würselen 1"]
[Site "NRW-Klasse, Gruppe 1 2010/201"]
[Date "2010.12.19"]
[Round "4.8"]
[White "Hemmann, Arnold"]
[Black "Vossen, Peter"]
[Result "1/2-1/2"]
[WhiteElo "2066"]
[BlackElo "1978"]
[Annotator ",Daniel"]
[PlyCount "85"]
[EventDate "2010.??.??"]

1. e4 c5 2. b3 Nc6 3. Bb2 d6 4. f4 Nf6 5. Nc3 e6 6. Nf3 Be7 7. Bd3 a6 8. O-O b5
9. Kh1 Qc7 10. Qe1 Nb4 $11 11. Qg3 Nxd3 12. cxd3 O-O 13. e5 Ne8 14. Ne4 d5 15.
Nf6+ Kh8 16. Nxe8 Rxe8 17. Ng5 Kg8 18. f5 Bxg5 19. fxe6 Bxe6 20. Qxg5 Qe7 21.
Qf4 a5 22. d4 c4 23. Qf3 Qd7 24. Qe3 Rec8 25. Rf3 Qe7 26. Rg3 Kh8 27. bxc4 Rxc4
28. Qb3 b4 29. a3 a4 30. Qd3 b3 31. Bc3 Rac8 32. h3 Qh4 33. Kh2 g6 34. Qe3 Bf5
35. Rf1 Qe4 36. Qg5 Rxc3 37. Rxc3 Rxc3 38. dxc3 b2 39. Qf6+ Kg8 40. Qd8+ Kg7
41. Qf6+ Kg8 42. Qd8+ Kg7 43. Qf6+ 1/2-1/2

[Event "SG Bochum 2 - SV Letmathe 1"]
[Site "NRW-Klasse, Gruppe 1 2010/201"]
[Date "2010.12.19"]
[Round "4.1"]
[White "Podzielny, Karl-Heinz"]
[Black "Jens, Jelmer"]
[Result "1-0"]
[WhiteElo "2405"]
[BlackElo "2366"]
[PlyCount "93"]
[EventDate "2010.??.??"]

1. d4 Nf6 2. Nf3 g6 3. c4 Bg7 4. Nc3 d5 5. Bg5 Ne4 6. cxd5 Nxg5 7. Nxg5 e6 8.
Qd2 exd5 9. Qe3+ Kf8 10. Qf4 Bf6 11. h4 h6 12. Nf3 Be6 13. e3 Nd7 14. Bd3 Kg7
15. g4 c5 16. O-O-O cxd4 17. Nxd4 Bxh4 18. Bf5 Bg5 19. Qg3 Qe7 20. f4 Bf6 21.
Bc2 Nb6 22. e4 dxe4 23. Nxe4 Bd5 24. Rhe1 Bxe4 25. Rxe4 Qc7 26. Kb1 Rac8 27.
Bb3 Rhd8 28. a3 a5 29. a4 Nd5 30. Nb5 Qc5 31. Rc4 Qe3 32. Qxe3 Nxe3 33. Rxc8
Rxc8 34. Rd7 Nc4 35. Ka2 b6 36. Na3 Nxa3 37. Rxf7+ Kh8 38. Rxf6 Nc2 39. Bxc2
Rxc2 40. Rxg6 Rc4 41. b3 Rxf4 42. Rxh6+ Kg7 43. Rxb6 Rxg4 44. Rb5 Kf6 45. Rxa5
Ke6 46. Rc5 Kd6 47. Rc2 1-0

[Event "SG Bochum 2 - SV Letmathe 1"]
[Site "NRW-Klasse, Gruppe 1 2010/201"]
[Date "2010.12.19"]
[Round "4.2"]
[White "Dahm, Jochen"]
[Black "Oswald, Hans-Joachim"]
[Result "1/2-1/2"]
[WhiteElo "2341"]
[BlackElo "2262"]
[PlyCount "52"]
[EventDate "2010.??.??"]

1. Nf3 Nf6 2. c4 g6 3. Nc3 Bg7 4. e4 d6 5. d4 O-O 6. Be2 e5 7. O-O exd4 8. Nxd4
Re8 9. f3 Nc6 10. Be3 Nh5 11. Qd2 Nxd4 12. Bxd4 Nf4 13. Bxg7 Qg5 14. Qxf4 Qxf4
15. Nd5 Qd2 16. Nf6+ Kxg7 17. Nxe8+ Kf8 18. Nxc7 Rb8 19. Rf2 Qxb2 20. Rd1 Be6
21. f4 Qb6 22. f5 gxf5 23. Nxe6+ fxe6 24. exf5 exf5 25. Rd5 Re8 26. Rdxf5+ Kg8
1/2-1/2

[Event "SG Bochum 2 - SV Letmathe 1"]
[Site "NRW-Klasse, Gruppe 1 2010/201"]
[Date "2010.12.19"]
[Round "4.3"]
[White "Adamski, Jan"]
[Black "Schlawin, Marlon"]
[Result "1-0"]
[WhiteElo "2240"]
[BlackElo "2186"]
[PlyCount "73"]
[EventDate "2010.??.??"]

1. c4 e6 2. g3 c5 3. Bg2 Nc6 4. Nf3 Nf6 5. O-O Be7 6. d4 cxd4 7. Nxd4 O-O 8.
Nc3 a6 9. Bf4 Nh5 10. Be3 f5 11. f4 Nf6 12. h3 Rb8 13. Rc1 Qe8 14. Bf2 Na5 15.
e4 fxe4 16. Nxe4 Nxe4 17. Bxe4 Nxc4 18. Qc2 Nd6 19. Bxh7+ Kh8 20. Bg6 Qd8 21.
Qe2 Nf7 22. Bb1 Kg8 23. Qd3 Re8 24. Qh7+ Kf8 25. f5 e5 26. f6 Bxf6 27. Nf5 d6
28. Ba7 Ra8 29. Nxg7 Bxg7 30. Rxf7+ Kxf7 31. Rf1+ Qf6 32. Rxf6+ Kxf6 33. Qg6+
Ke7 34. Qxg7+ Ke6 35. Bf5+ Kd5 36. Qf7+ Be6 37. Qxb7+ 1-0

[Event "SG Bochum 2 - SV Letmathe 1"]
[Site "NRW-Klasse, Gruppe 1 2010/201"]
[Date "2010.12.19"]
[Round "4.4"]
[White "Kitte, Sebastian"]
[Black "Soukup, Jiri"]
[Result "1/2-1/2"]
[WhiteElo "2252"]
[BlackElo "2281"]
[Annotator ",Daniel"]
[PlyCount "91"]
[EventDate "2010.??.??"]

1. d4 f5 2. g3 Nf6 3. Bg2 g6 4. Nf3 Bg7 5. O-O O-O 6. b4 d6 7. Bb2 Qe8 8. Nbd2
c6 9. c4 Nbd7 10. Qb3 h6 11. b5 Kh7 12. bxc6 bxc6 13. Ne1 Rb8 14. Qc2 d5 15.
Nd3 Ne4 16. cxd5 cxd5 17. Nf3 Nb6 18. Nfe5 Nc4 19. Nxc4 dxc4 20. Ne5 Be6 21.
Ba3 Nd6 22. e3 Rc8 23. f4 c3 24. Bc5 Ne4 25. Bxe4 fxe4 26. Qxc3 Bxe5 27. dxe5
Qb5 28. Rfc1 Rfd8 29. a4 Qe2 30. Re1 Qf3 31. Rf1 Qh5 32. Qb4 Rb8 33. Qe1 Bg4
34. Bd4 Bf3 35. Rb1 Qh3 36. Rf2 h5 37. Rfb2 Rb3 38. Qf1 Qxf1+ 39. Kxf1 Rd3 40.
Bxa7 Rd1+ 41. Rxd1 Rxd1+ $11 42. Kf2 Ra1 43. Rb7 Rd1 44. Rb2 Ra1 45. Rb7 Rd1
46. Rb2 1/2-1/2

[Event "SG Bochum 2 - SV Letmathe 1"]
[Site "NRW-Klasse, Gruppe 1 2010/201"]
[Date "2010.12.19"]
[Round "4.5"]
[White "Gruermann, Martin"]
[Black "Werthebach, Felix"]
[Result "0-1"]
[WhiteElo "2124"]
[BlackElo "2136"]
[PlyCount "92"]
[EventDate "2010.??.??"]

1. Nf3 d6 2. e4 c5 3. d4 cxd4 4. Qxd4 Nc6 5. Bb5 Bd7 6. Bxc6 Bxc6 7. Nc3 e5 8.
Qd3 Nf6 9. Bg5 Be7 10. O-O h6 11. Bxf6 Bxf6 12. Rfd1 Be7 13. Nd2 Qc7 14. Nc4
Rd8 15. Ne3 O-O 16. Ncd5 Qd7 17. Nf5 Bxd5 18. Qxd5 g6 19. Nxe7+ Qxe7 20. Rd3
Rc8 21. c3 Rfd8 22. Rad1 Rc6 23. Qb3 Rb6 24. Qc2 Qe6 25. b3 Rc6 26. Qd2 Kg7 27.
c4 a6 28. Rd5 b6 29. Qb2 Qf6 30. f3 b5 31. cxb5 axb5 32. Qd2 Qh4 33. Rxe5 Rdc8
34. Rd5 Rc2 35. Qd4+ Kh7 36. Qe3 R8c3 37. Qa7 Rxf3 38. Kh1 Qxe4 39. Qg1 Rff2
40. R5d4 Qxg2+ 41. Qxg2 Rxg2 42. a4 Rxh2+ 43. Kg1 bxa4 44. bxa4 Rcg2+ 45. Kf1
Ra2 46. Rxd6 Rh1# 0-1